000 00565nam a2200169Ia 4500
008 090201s9999 xx 000 0 und d
010 _aKPL-27309
040 _bमराठी
041 _aमराठी
082 _a25655
_b27309
100 _aमनोज बसू / अनु.स.कमतनूरकर
245 _aमहाव्रत
_cमनोज बसू / अनु.स.कमतनूरकर
260 _c2004
_bय.गो.म्हात्रे
300 _a250
_bमोठा
600 _aमहाव्रत
942 _cBOOK
999 _c224835
_d224835